000 00288nam a22001337a 4500
008 181126b xxu||||| |||| 00| 0 eng d
020 _a9780534554040
041 _aeng
080 _a616
100 _a9
101 _aFIZ
245 _aNimal Physiology
_cSherwood.K.Y
942 _2udc
_cBK
999 _c52493
_d52493